The names of the middle east - Statistics

General Stats
  • This quiz has been taken 9 times
  • The average score is 2 of 8
Answer Stats
Hint Answer % Correct
+150 million have this name. Mohammad
100%
This name means Noble, Elevated and King. Ali
44%
Approximately 14,916,476 people bear this name. Its very popular in Egypt. Ahmed
33%
1 out of every 2,170 baby girls born in 2021 has this name. Fatima
22%
Approximately 2,166,060 people bear this name. This name is also frequently used in Nigeria Aisha
11%
Approximately 5,516,904 people bear this name. Hassan
11%
3.5 million people are named this making it the 126th most used name in the world. Omar
11%
345th most popular girls name. Amina
0%
No matching quizzes found
Score Distribution
Percent of People with Each Score
Percentile by Number Answered
Your Score History
You have not taken this quiz